[Event "Sanjin Hotel Cup"]
[Site "Taiyuan"]
[Date "2004.07.22"]
[Round "5"]
[White "Zhang, Zhong"]
[Black "Ye, Jiangchuan"]
[Result "0-1"]
[WhiteElo "2603"]
[BlackElo "2681"]
[PlyCount "102"]
[EventDate "2004.07.17"]
[EventType "tourn"]
[EventRounds "9"]
[EventCountry "CHN"]
[EventCategory "16"]
[SourceTitle "CBM 102"]
[Source "ChessBase"]
[SourceDate "2004.09.23"]
[SourceVersion "1"]
[SourceVersionDate "2004.09.23"]
[SourceQuality "1"]

1. e4 c5 2. Nf3 e6 3. d4 cxd4 4. Nxd4 a6 5. Nc3 b5 6. Bd3 Qb6 7. Nf3 Qc7 8. 0-0 Bb7 9. Re1 Bc5 10. Qd2 Be7 11. b3 Nf6 12. Bb2 d6 13. a4 b4 14. Na2 Nc6 15. Nd4 a5 16. Nb5 Qd7 17. Rad1 0-0 18. e5 Nxe5 19. Bf1 Qc6 20. f4 Ng6 21. f5 exf5 22. Nd4 Qc5 23. Qf2 f4 24. Rxe7 Nxe7 25. Qxf4 Ng6 26. Qf5 Rfe8 27. Nc1 Be4 28. Qf2 Ng4 29. Qg3 h5 30. Bd3 Nf6 31. Qf2 Ng4 32. Qg3 Qg5 33. h3 Qe3+ 34. Qxe3 Nxe3 35. Re1 Bxd3 36. Nxd3 Rac8 37. Bc1 Nd5 38. Rxe8+ Rxe8 39. Kf2 Ne5 40. Nf4 Nxf4 41. Bxf4 g6 42. Bd2 Kf8 43. c3 bxc3 44. Bxc3 Ra8 45. Ke3 Ke7 46. Ke4 Kd7 47. Nb5 Nc6 48. Kd3 Re8 49. Na3 d5 50. Nb5 Re4 51. Na3 f5 0-1

[Event "Sanjin Hotel Cup"]
[Site "Taiyuan"]
[Date "2004.07.19"]
[Round "3"]
[White "Ni, Hua"]
[Black "Ye, Jiangchuan"]
[Result "1/2-1/2"]
[WhiteElo "2583"]
[BlackElo "2681"]
[PlyCount "35"]
[EventDate "2004.07.17"]
[EventType "tourn"]
[EventRounds "9"]
[EventCountry "CHN"]
[EventCategory "16"]
[SourceTitle "CBM 102"]
[Source "ChessBase"]
[SourceDate "2004.09.23"]
[SourceVersion "1"]
[SourceVersionDate "2004.09.23"]
[SourceQuality "1"]

1. e4 c5 2. Nf3 e6 3. d4 cxd4 4. Nxd4 a6 5. Bd3 Nf6 6. 0-0 Qc7 7. c4 Nc6 8. Nf3 Ng4 9. g3 Nge5 10. Nxe5 Nxe5 11. Bf4 d6 12. Nc3 Be7 13. Rc1 0-0 14. Re1 b6 15. Bf1 Bb7 16. Bg2 Rac8 17. b3 Qb8 18. Qe2 1/2-1/2

[Event "FIDE-Wch k.o."]
[Site "Tripoli"]
[Date "2004.06.24"]
[Round "3.2"]
[White "Ye, Jiangchuan"]
[Black "Almasi, Zoltan"]
[Result "1/2-1/2"]
[WhiteElo "2681"]
[BlackElo "2631"]
[PlyCount "45"]
[EventDate "2004.06.19"]
[EventType "k.o."]
[EventRounds "7"]
[EventCountry "LBY"]
[SourceTitle "CBM 102"]
[Source "ChessBase"]
[SourceDate "2004.09.23"]
[SourceVersion "1"]
[SourceVersionDate "2004.09.23"]
[SourceQuality "1"]

1. e4 e5 2. Nf3 Nc6 3. Bb5 a6 4. Ba4 Nf6 5. 0-0 Be7 6. Re1 b5 7. Bb3 0-0 8. a4 b4 9. a5 d6 10. d3 Be6 11. Nbd2 Qc8 12. Bc4 h6 13. h3 Re8 14. b3 Bf8 15. Bb2 Bxc4 16. Nxc4 Rb8 17. d4 exd4 18. Nxd4 Nxd4 19. Qxd4 Rb5 20. e5 dxe5 21. Rxe5 Rbxe5 22. Nxe5 Qf5 23. f4 1/2-1/2

[Event "FIDE-Wch k.o."]
[Site "Tripoli"]
[Date "2004.06.22"]
[Round "2.2"]
[White "Ni, Hua"]
[Black "Ye, Jiangchuan"]
[Result "1/2-1/2"]
[WhiteElo "2587"]
[BlackElo "2681"]
[PlyCount "92"]
[EventDate "2004.06.19"]
[EventType "k.o."]
[EventRounds "7"]
[EventCountry "LBY"]
[SourceTitle "CBM 102"]
[Source "ChessBase"]
[SourceDate "2004.09.23"]
[SourceVersion "1"]
[SourceVersionDate "2004.09.23"]
[SourceQuality "1"]

1. e4 c5 2. Nf3 e6 3. d4 cxd4 4. Nxd4 Nc6 5. Nc3 Qc7 6. Be3 a6 7. Qd2 Nf6 8. 0-0-0 Bb4 9. f3 Ne5 10. Nb3 b5 11. Qe1 Rb8 12. Bd4 Nc6 13. Bc5 Bxc5 14. Nxc5 0-0 15. Qg3 Ne5 16. Nd3 d6 17. f4 Ng6 18. Qe3 b4 19. Ne2 Bb7 20. Ng3 Rfc8 21. Ne1 d5 22. e5 Ne4 23. Kb1 Qa5 24. Ne2 Ne7 25. Nd4 Nf5 26. Nxf5 exf5 27. Rd4 Bc6 28. Bd3 Nc3+ 29. bxc3 bxc3+ 30. Kc1 Rb1+ 31. Kxb1 Qa3 32. Rb4 Qxb4+ 33. Kc1 d4 34. Qg3 Rb8 35. Kd1 Qb1+ 36. Ke2 Qc1 37. Kf1 Rb1 38. Qh4 g6 39. Rg1 Qd2 40. g4 Qxf4+ 41. Qf2 Rxe1+ 42. Kxe1 Qc1+ 43. Ke2 Qd2+ 44. Kf1 Qd1+ 45. Qe1 Qf3+ 46. Qf2 Qd1+ 1/2-1/2

[Event "FIDE-Wch k.o."]
[Site "Tripoli"]
[Date "2004.06.22"]
[Round "2.4"]
[White "Ni, Hua"]
[Black "Ye, Jiangchuan"]
[Result "1-0"]
[WhiteElo "2587"]
[BlackElo "2681"]
[PlyCount "73"]
[EventDate "2004.06.19"]
[EventType "k.o."]
[EventRounds "7"]
[EventCountry "LBY"]
[SourceTitle "CBM 102"]
[Source "ChessBase"]
[SourceDate "2004.09.23"]
[SourceVersion "1"]
[SourceVersionDate "2004.09.23"]
[SourceQuality "1"]

1. e4 c5 2. Nc3 e6 3. g3 Nc6 4. Bg2 g6 5. d3 Bg7 6. Nge2 d6 7. Be3 Nd4 8. 0-0 Ne7 9. Rb1 Nec6 10. Qd2 0-0 11. Nc1 b6 12. Nd1 e5 13. c3 Ne6 14. f4 Nc7 15. Ne2 d5 16. f5 d4 17. cxd4 Nxd4 18. Nxd4 cxd4 19. Bh6 Ne8 20. Nf2 Nf6 21. g4 Qd6 22. Qg5 Ne8 23. Qh4 f6 24. g5 fxg5 25. Bxg5 Nf6 26. Nh3 Bd7 27. Rf3 Rac8 28. Rbf1 gxf5 29. exf5 Bc6 30. Rg3 Bxg2 31. Rxg2 Kh8 32. Rf3 Rg8 33. Rfg3 Qe7 34. Nf2 Qf7 35. Rh3 Rcf8 36. Ne4 Rc8 37. Nxf6 1-0

[Event "FIDE-Wch k.o."]
[Site "Tripoli"]
[Date "2004.06.22"]
[Round "2.5"]
[White "Ni, Hua"]
[Black "Ye, Jiangchuan"]
[Result "1-0"]
[WhiteElo "2587"]
[BlackElo "2681"]
[PlyCount "89"]
[EventDate "2004.06.19"]
[EventType "k.o."]
[EventRounds "7"]
[EventCountry "LBY"]
[SourceTitle "CBM 102"]
[Source "ChessBase"]
[SourceDate "2004.09.23"]
[SourceVersion "1"]
[SourceVersionDate "2004.09.23"]
[SourceQuality "1"]

1. e4 c5 2. Nf3 e6 3. d4 cxd4 4. Nxd4 Nc6 5. Nc3 Qc7 6. Be3 a6 7. Qd2 Nf6 8. 0-0-0 Bb4 9. f3 Na5 10. Kb1 Bxc3 11. bxc3 d5 12. Bg5 dxe4 13. Bxf6 gxf6 14. fxe4 Bd7 15. Nb3 0-0-0 16. Bd3 Bc6 17. Qf2 Nxb3 18. axb3 Qe5 19. Kb2 Rhg8 20. Rhf1 Rg6 21. g3 h5 22. Qb6 Rd7 23. Bxa6 Qc7 24. Qxc7+ Kxc7 25. Rxd7+ Kxd7 26. Bd3 h4 27. gxh4 Rh6 28. Rf4 Ke7 29. c4 e5 30. Rg4 Bd7 31. Rg8 Rxh4 32. Rb8 f5 33. exf5 e4 34. Bf1 Rf4 35. Be2 e3 36. Kc3 Bxf5 37. Rxb7+ Kf6 38. c5 Rf2 39. Bd3 e2 40. Kd2 Bg4 41. Rb4 Kg5 42. c6 f5 43. Rxg4+ fxg4 44. c7 Rf8 45. Ba6 1-0

[Event "FIDE-Wch k.o."]
[Site "Tripoli"]
[Date "2004.06.20"]
[Round "1.4"]
[White "Garcia Palermo, Carlos H"]
[Black "Ye, Jiangchuan"]
[Result "0-1"]
[WhiteElo "2444"]
[BlackElo "2681"]
[PlyCount "88"]
[EventDate "2004.06.19"]
[EventType "k.o."]
[EventRounds "7"]
[EventCountry "LBY"]
[SourceTitle "CBM 102"]
[Source "ChessBase"]
[SourceDate "2004.09.23"]
[SourceVersion "1"]
[SourceVersionDate "2004.09.23"]
[SourceQuality "1"]

1. d4 Nf6 2. Bg5 e6 3. e3 h6 4. Bh4 Be7 5. Nd2 b6 6. c3 Bb7 7. Ngf3 c5 8. Bd3 Nc6 9. Qe2 0-0 10. 0-0 cxd4 11. exd4 Nh5 12. Bxe7 Nxe7 13. g3 Nf6 14. a4 a6 15. Ne4 Nxe4 16. Bxe4 Qc7 17. Ne5 d6 18. Nd3 Rfc8 19. Rfe1 Nd5 20. Bg2 Nf6 21. Nb4 Bxg2 22. Kxg2 a5 23. Nc2 Qd7 24. Ra3 Rab8 25. Qb5 Qb7+ 26. f3 d5 27. Rb3 Ne8 28. Na3 Nd6 29. Qd3 Qd7 30. Nb5 Nc4 31. Re2 Re8 32. f4 f6 33. Qg6 Re7 34. Qg4 Qc6 35. Kh3 Rbe8 36. Qg6 Qd7 37. Kg2 e5 38. dxe5 fxe5 39. fxe5 Rxe5 40. Rxe5 Rxe5 41. Nd4 Qxa4 42. Rb5 Qd1 43. Rxb6 Ne3+ 44. Kh3 Qc2 0-1

[Event "Beijing Kings Challenge"]
[Site "Beijing"]
[Date "2003.09.22"]
[Round "3"]
[White "Ye, Jiangchuan"]
[Black "Short, Nigel D"]
[Result "1/2-1/2"]
[WhiteElo "2683"]
[BlackElo "2701"]
[PlyCount "91"]
[EventDate "2003.09.22"]
[EventType "schev (rapid)"]
[EventRounds "6"]
[EventCountry "CHN"]
[SourceTitle "CBM 098"]
[Source "ChessBase"]
[SourceDate "2004.02.03"]
[SourceVersion "1"]
[SourceVersionDate "2004.02.03"]
[SourceQuality "1"]

1. e4 e5 2. Nf3 Nc6 3. Bb5 a6 4. Ba4 d6 5. c3 g6 6. d4 Bd7 7. 0-0 Bg7 8. Be3 Nf6 9. Nbd2 0-0 10. d5 Ne7 11. Bxd7 Qxd7 12. Ne1 Ng4 13. Bg5 f5 14. h3 Bf6 15. Nef3 h6 16. hxg4 hxg5 17. Nh2 f4 18. g3 Kg7 19. Kg2 Rh8 20. Rh1 c6 21. c4 Ng8 22. Ndf3 Nh6 23. Qb3 cxd5 24. cxd5 Rac8 25. a4 Bd8 26. Rac1 Be7 27. Qb6 Nxg4 28. Rxc8 Qxc8 29. Nxg4 Rxh1 30. Kxh1 Qxg4 31. Kg2 Qd7 32. b3 g4 33. Nd2 Bd8 34. Qb4 b5 35. axb5 axb5 36. Qc3 Bg5 37. gxf4 Bxf4 38. Nf1 Kf6 39. Ne3 Kg5 40. Nf1 Qh7 41. Qc8 Qh3+ 42. Kg1 Qxb3 43. Qd8+ Kh5 44. Qh8+ Kg5 45. Qd8+ Kh5 46. Qh8+ 1/2-1/2

[Event "Yongchuan zt 3.3"]
[Site "Yongchuan"]
[Date "2003.07.21"]
[Round "9"]
[White "Ye, Jiangchuan"]
[Black "Zhang, Zhong"]
[Result "1/2-1/2"]
[WhiteElo "2683"]
[BlackElo "2658"]
[PlyCount "43"]
[EventDate "2003.07.11"]
[EventType "tourn"]
[EventRounds "11"]
[EventCountry "CHN"]
[EventCategory "12"]
[SourceTitle "CBM 097"]
[Source "ChessBase"]
[SourceDate "2003.11.11"]
[SourceVersion "1"]
[SourceVersionDate "2003.11.11"]
[SourceQuality "1"]

1. e4 e5 2. Nf3 Nc6 3. Bb5 a6 4. Ba4 Nf6 5. 0-0 Be7 6. Re1 b5 7. Bb3 d6 8. c3 0-0 9. h3 Bb7 10. d4 Re8 11. Ng5 Rf8 12. Nf3 Re8 13. Nbd2 Bf8 14. a4 h6 15. Bc2 exd4 16. cxd4 Nb4 17. Bb1 c5 18. d5 Nd7 19. Ra3 f5 20. Nh2 Nf6 21. Rf3 Re5 22. Rxf5 1/2-1/2

[Event "Yongchuan zt 3.3"]
[Site "Yongchuan"]
[Date "2003.07.12"]
[Round "2"]
[White "Ni, Hua"]
[Black "Ye, Jiangchuan"]
[Result "1/2-1/2"]
[WhiteElo "2533"]
[BlackElo "2683"]
[PlyCount "35"]
[EventDate "2003.07.11"]
[EventType "tourn"]
[EventRounds "11"]
[EventCountry "CHN"]
[EventCategory "12"]
[SourceTitle "CBM 097"]
[Source "ChessBase"]
[SourceDate "2003.11.11"]
[SourceVersion "1"]
[SourceVersionDate "2003.11.11"]
[SourceQuality "1"]

1. e4 c5 2. Nf3 e6 3. d4 cxd4 4. Nxd4 Nc6 5. Nc3 Qc7 6. Be3 a6 7. Bd3 b5 8. 0-0 Bb7 9. Nxc6 Qxc6 10. a3 Nf6 11. f4 Bc5 12. Bxc5 Qxc5+ 13. Kh1 d6 14. Qe2 e5 15. Nd5 Nxd5 16. exd5 0-0 17. fxe5 dxe5 18. Qxe5 1/2-1/2

[Event "Asia-chT fin 13th"]
[Site "Jodhpur"]
[Date "2003.04.16"]
[Round "9"]
[White "Ye, Jiangchuan"]
[Black "Wong, Zi Jing"]
[Result "1-0"]
[WhiteElo "2682"]
[BlackElo "2336"]
[PlyCount "101"]
[EventDate "2003.04.08"]
[EventType "team"]
[EventRounds "9"]
[EventCountry "IND"]
[SourceTitle "CBM 093 Extra"]
[Source "ChessBase"]
[SourceDate "2003.05.09"]
[SourceVersion "1"]
[SourceVersionDate "2003.05.09"]
[SourceQuality "1"]
[WhiteTeam "China"]
[BlackTeam "Malaysia"]
[WhiteTeamCountry "CHN"]
[BlackTeamCountry "MAS"]

1. e4 c5 2. Nf3 d6 3. d4 cxd4 4. Nxd4 Nf6 5. Nc3 a6 6. Be2 e5 7. Nb3 Be7 8. 0-0 0-0 9. Kh1 Nc6 10. f3 Be6 11. Nd5 b5 12. Qd2 Rc8 13. a4 Bxd5 14. exd5 Nd4 15. Nxd4 exd4 16. axb5 axb5 17. Bxb5 Rc5 18. Ba4 Nxd5 19. Qxd4 Bf6 20. Qe4 Nb6 21. Bb3 Re8 22. Qd3 Rh5 23. f4 d5 24. c3 Qe7 25. Bd1 Rh6 26. Bf3 Qc5 27. Bd2 Bh4 28. Be1 Bxe1 29. Rfxe1 Rhe6 30. Rxe6 fxe6 31. h3 Nc4 32. Qe2 Qd6 33. b3 Na3 34. Bxd5 Qxf4 35. Bxe6+ Kh8 36. Qg4 Qe3 37. Qa4 Qxe6 38. Qxa3 h6 39. Rf1 Qe4 40. c4 Re5 41. Qf8+ Kh7 42. Qf3 Qg6 43. Rd1 Rg5 44. Kh2 Qe6 45. Rd5 Rg6 46. b4 Qc6 47. Qe4 Qc7+ 48. Kh1 Qg3 49. c5 Kg8 50. Rd8+ Kh7 51. Rd6 1-0

[Event "Asia-chT fin 13th"]
[Site "Jodhpur"]
[Date "2003.04.14"]
[Round "7"]
[White "Ye, Jiangchuan"]
[Black "Koneru, Humpy"]
[Result "1/2-1/2"]
[WhiteElo "2682"]
[BlackElo "2496"]
[PlyCount "69"]
[EventDate "2003.04.08"]
[EventType "team"]
[EventRounds "9"]
[EventCountry "IND"]
[SourceTitle "CBM 093 Extra"]
[Source "ChessBase"]
[SourceDate "2003.05.09"]
[SourceVersion "1"]
[SourceVersionDate "2003.05.09"]
[SourceQuality "1"]
[WhiteTeam "China"]
[BlackTeam "India II"]
[WhiteTeamCountry "CHN"]
[BlackTeamCountry "IND"]

1. e4 e5 2. Nf3 Nf6 3. Nxe5 d6 4. Nf3 Nxe4 5. d4 d5 6. Bd3 Nc6 7. 0-0 Be7 8. c4 Nb4 9. Be2 0-0 10. a3 Nc6 11. cxd5 Qxd5 12. Nc3 Nxc3 13. bxc3 Bf5 14. c4 Qe4 15. Ra2 Bf6 16. Be3 Rad8 17. Rd2 Qe7 18. d5 Ne5 19. Nd4 Bc8 20. c5 Rxd5 21. Nf5 Nf3+ 22. Bxf3 Rxf5 23. Qa4 Bg5 24. Bxg5 Qxg5 25. Rd3 Rxc5 26. Qxa7 b6 27. Qa4 Ra5 28. Qd1 Ba6 29. Rd7 Bxf1 30. Kxf1 Rc5 31. Rd2 h6 32. a4 Ra5 33. Rd4 c5 34. Rg4 Rd8 35. Qa1 1/2-1/2

[Event "Asia-chT fin 13th"]
[Site "Jodhpur"]
[Date "2003.04.11"]
[Round "5"]
[White "Ye, Jiangchuan"]
[Black "Sadvakasov, Darmen"]
[Result "1-0"]
[WhiteElo "2682"]
[BlackElo "2577"]
[PlyCount "69"]
[EventDate "2003.04.08"]
[EventType "team"]
[EventRounds "9"]
[EventCountry "IND"]
[SourceTitle "CBM 093 Extra"]
[Source "ChessBase"]
[SourceDate "2003.05.09"]
[SourceVersion "1"]
[SourceVersionDate "2003.05.09"]
[SourceQuality "1"]
[WhiteTeam "China"]
[BlackTeam "Kazakhstan"]
[WhiteTeamCountry "CHN"]
[BlackTeamCountry "KAZ"]

1. e4 e6 2. d4 d5 3. Nd2 c5 4. exd5 exd5 5. Ngf3 Nc6 6. Bb5 Bd6 7. dxc5 Bxc5 8. 0-0 Nge7 9. Nb3 Bd6 10. Bg5 0-0 11. Re1 Bg4 12. Bh4 Re8 13. Bg3 Bxg3 14. hxg3 Qb6 15. a4 h6 16. Qd2 a6 17. Bxc6 Qxc6 18. Ne5 Qc8 19. Nd4 Be6 20. Ra3 Qc5 21. Qf4 Nc6 22. Nxe6 fxe6 23. Rc3 Qa5 24. Qf7+ Kh8 25. Ng6+ Kh7 26. Rce3 d4 27. Re4 Qg5 28. Nh4 Re7 29. Qf3 Rd8 30. Rxe6 Rxe6 31. Rxe6 Qc1+ 32. Kh2 Qxc2 33. Qf7 Rg8 34. Nf5 Kh8 35. Rxh6+ 1-0

[Event "Asia-chT fin 13th"]
[Site "Jodhpur"]
[Date "2003.04.09"]
[Round "2"]
[White "Sasikiran, Krishnan"]
[Black "Ye, Jiangchuan"]
[Result "1-0"]
[WhiteElo "2663"]
[BlackElo "2682"]
[PlyCount "115"]
[EventDate "2003.04.08"]
[EventType "team"]
[EventRounds "9"]
[EventCountry "IND"]
[SourceTitle "CBM 093 Extra"]
[Source "ChessBase"]
[SourceDate "2003.05.09"]
[SourceVersion "1"]
[SourceVersionDate "2003.05.09"]
[SourceQuality "1"]
[WhiteTeam "India"]
[BlackTeam "China"]
[WhiteTeamCountry "IND"]
[BlackTeamCountry "CHN"]

1. d4 Nf6 2. c4 g6 3. Nc3 Bg7 4. e4 d6 5. f3 0-0 6. Be3 Nc6 7. Nge2 a6 8. Qd2 Rb8 9. Rc1 Bd7 10. Nd1 b5 11. c5 Qe8 12. Nf2 Rd8 13. g3 dxc5 14. Rxc5 Bc8 15. Bg2 Bb7 16. 0-0 Nd7 17. Rc2 Nb6 18. b3 e6 19. Rfc1 Ba8 20. f4 Qd7 21. Ng4 f5 22. exf5 exf5 23. Rxc6 fxg4 24. Rxc7 Qf5 25. Bxa8 Rxa8 26. R7c5 Qd7 27. d5 Rfe8 28. Bf2 Bf8 29. Rc7 Qxd5 30. Qc2 Rab8 31. Rd1 Qh5 32. Nc3 Qf5 33. Qxf5 gxf5 34. Kf1 Bg7 35. Rd6 Rbc8 36. Rxg7+ Kxg7 37. Bxb6 b4 38. Ne2 Rc2 39. Nd4 Rc1+ 40. Kf2 Kf7 41. Rd7+ Kg6 42. Rd6+ Kf7 43. Rd5 Ra1 44. Rxf5+ Ke7 45. Ra5 Rh1 46. Rxa6 Kf7 47. Ra7+ Kf6 48. Bc7 Rxh2+ 49. Kg1 Rd2 50. Be5+ Rxe5 51. fxe5+ Kxe5 52. Nc6+ Ke4 53. Rf7 Rxa2 54. Rf4+ Ke3 55. Nxb4 Ra1+ 56. Kg2 Rb1 57. Nd5+ Kd3 58. Rxg4 1-0

[Event "Olympiad-35"]
[Site "Bled"]
[Date "2002.11.08"]
[Round "13.1"]
[White "Kozul, Zdenko"]
[Black "Ye, Jiangchuan"]
[Result "0-1"]
[WhiteElo "2565"]
[BlackElo "2667"]
[PlyCount "90"]
[EventDate "2002.10.26"]
[EventType "team-swiss"]
[EventRounds "14"]
[EventCountry "SLO"]
[SourceTitle "EXT 2003"]
[Source "ChessBase"]
[SourceDate "2002.11.25"]
[SourceVersion "1"]
[SourceVersionDate "2002.11.25"]
[SourceQuality "1"]
[WhiteTeam "Croatia"]
[BlackTeam "China"]
[WhiteTeamCountry "CRO"]
[BlackTeamCountry "CHN"]

1. d4 Nf6 2. c4 g6 3. Nc3 Bg7 4. e4 d6 5. Be2 0-0 6. Bg5 Na6 7. Nf3 h6 8. Be3 Ng4 9. Bc1 e5 10. 0-0 Qe7 11. d5 f5 12. g3 f4 13. Nh4 Qg5 14. Ng2 h5 15. Rb1 Kh7 16. b4 Qf6 17. f3 Nh6 18. Bd2 Nf7 19. g4 c5 20. dxc6 bxc6 21. gxh5 gxh5 22. b5 Nc7 23. bxc6 Ng5 24. Nd5 Nh3+ 25. Kh1 Nxd5 26. cxd5 Rg8 27. Bd3 a5 28. Qe2 Ra7 29. Be1 Bh6 30. Bf2 Rag7 31. Nh4 Qg5 32. a4 Kh8 33. Qe1 Qf6 34. Bb6 Bg5 35. Nf5 Bxf5 36. exf5 Bh4 37. Qe2 Qg5 38. f6 Qxf6 39. Rb2 Qg5 40. Qg2 Qxg2+ 41. Rxg2 Rxg2 42. c7 Rb2 43. Bf5 Ng5 44. Bxa5 Ra2 45. Bd7 Nxf3 0-1